The Great Divide: The Last of the Bugs (All Songs) - Noah Kahan - Statistics

General Stats
  • This quiz has been taken 86 times
  • The average score is 17 of 21
Answer Stats
Answer % Correct
Dan
100%
End of August
100%
The Great Divide
94%
Doors
91%
Staying Still
91%
23
88%
American Cars
88%
Lighthouse
88%
Porch Light
88%
All Them Horses
85%
Orbiter
85%
Paid Time Off
85%
Downfall
82%
Deny Deny Deny
79%
Dashboard
76%
Willing and Able
76%
Haircut
73%
Headed North
70%
Spoiled
67%
We Go Way Back
64%
A Few of Your Own
61%
No matching quizzes found
Score Distribution
Percent of People with Each Score
Percentile by Number Answered
Your Score History
You have not taken this quiz